00862nam a22002777a 4500003000500000005001700005008004100022010001100063011001100074020001500085035001100100040000900111082002400120100002200144245010800166260004800274300002000322490004300342650004200385650002400427650002400451650002000475700002200495700002400517830004300541CHAP20220329143718.0110325s1995 us a r 00010 eng d a100750 a101722 a029278726X a112410 cCHAP04a333.9513097287bV561 aVentocilla, jorge10aPlants and animals in the life of the Kunac/por Jorge Ventocilla, Heraclio Herrera y Valerio Núñez aAustin, Texas :bUniversity of Texas,c1995 a150 p. :bilus. 0aTranslations from Latin America Series14aIndios de América CentralxCultura.14aPanamáxHistoria.14aRecursos naturales.14aVida silvestre.1 aHerrera, Heraclio1 aNúñez, Valerio. 0aTranslations from Latin America Series